PRESENCE FASCIOLA IN CATTLE'S LIVER AT SLAUGHTEHOUSE IN SAANG DISTRICT, KANDAL PROVINCE វគ្គមាន fasciola ក្នុងថ្លើមគោនៅទីសត្តឃាជ ស្រុកស្អាត ខេត្ត​កណា្ដលត (Record no. 18946)

000 -LEADER
fixed length control field 00639nam a22001337a 4500
040 ## - CATALOGING SOURCE
Transcribing agency rua
082 ## - DEWEY DECIMAL CLASSIFICATION NUMBER
Classification number AVM CHA 2018 B658 Or.1
100 ## - MAIN ENTRY--AUTHOR NAME
Personal name CHAN LIDA ចាន់​ លីដា
245 ## - TITLE STATEMENT
Title PRESENCE FASCIOLA IN CATTLE'S LIVER AT SLAUGHTEHOUSE IN SAANG DISTRICT, KANDAL PROVINCE វគ្គមាន fasciola ក្នុងថ្លើមគោនៅទីសត្តឃាជ ស្រុកស្អាត ខេត្ត​កណា្ដលត
260 ## - PUBLICATION, DISTRIBUTION, ETC. (IMPRINT)
Place of publication rua
Name of publisher phnom penh
Year of publication 2018
300 ## - PHYSICAL DESCRIPTION
Number of Pages ix;39p
Other physical details ill;
Dimensions 29cm
856 ## - ELECTRONIC LOCATION AND ACCESS
Uniform Resource Identifier https://drive.google.com/file/d/1L3yHV28TNXM8372wL0fSdMXTo3cfYfcZ/view?usp=sharing
942 ## - ADDED ENTRY ELEMENTS (KOHA)
Koha item type AVM
952 ## - LOCATION AND ITEM INFORMATION (KOHA)
Withdrawn status [LOCAL, KOHA] 0
952 ## - LOCATION AND ITEM INFORMATION (KOHA)
Withdrawn status [LOCAL, KOHA] 0
952 ## - LOCATION AND ITEM INFORMATION (KOHA)
Withdrawn status [LOCAL, KOHA] 0
952 ## - LOCATION AND ITEM INFORMATION (KOHA)
Withdrawn status [LOCAL, KOHA] 0
952 ## - LOCATION AND ITEM INFORMATION (KOHA)
Withdrawn status [LOCAL, KOHA] 0
952 ## - LOCATION AND ITEM INFORMATION (KOHA)
Withdrawn status [LOCAL, KOHA] 0
Holdings
Permanent Location Date acquired Koha item type Lost status Shelving location Barcode Current Location Full call number
Library Block B2020-02-12AVM B658A063738Library Block BAVM CHA 2018 B658 Or.
Library Block B2020-02-12AVM B658A063254Library Block BAVM CHA 2018 B658 Or.
Library Block B2020-02-12AVM B658A42700Library Block BAVM CHA 2018 B658 Or.
Library Block B2020-02-12AVM B658A42740Library Block BAVM CHA 2018 B658 Or.
Library Block B2020-02-12AVM B658A42760Library Block BAVM CHA 2018 B658 Or.
Library Block B2020-02-12AVM B658A42750Library Block BAVM CHA 2018 B658 Or.
មជ្ឈមណ្ឌលឯការនៃសាកលវិទ្យាល័យភូមិន្ទកសិកម្មចំការដូង

Powered by Koha